000 00497nam a2200193Ia 4500
003 GCL
008 140319s9999 xx 000 0 eng d
040 _aGCL /
_cGCL
082 0 4 _a982.4
_bT A
100 1 _aTODD, OLIVIER
245 1 0 _aALBERT CAMUS: UNE VIE /
_cTODD, OLIVIER
260 _a[S.N] :
_bGALLIMARD ،
_c1996
300 _a855 P
650 0 4 _aFRENCH LITERATURE
650 0 4 _aBIOGRAPHIES
650 0 4 _aALBERT CAMUS 1913 - 1960
650 0 4 _aPERSON IN LITERATURE
942 _2ddc
_cBK
999 _c14843
_d14843